Sustainable energy in developing countries policy, analysis and case studies

Na minha lista:
Detalhes bibliográficos
Autor principal: Meier, Peter
Outros Autores: Munasinghe, Mohan
Formato: Livro
Idioma:inglês
Publicado em: Cheltenham Edward Elgar 2005
Assuntos:
Tags: Adicionar Tag
Sem tags, seja o primeiro a adicionar uma tag!

MARC

LEADER 00000nam$a2200000$$$4500
001 0042518
005 20220722104811.4
020 |a 1-84376-753-8 
041 0 |a eng 
044 |a GB 
245 1 0 |a Sustainable energy in developing countries  |b policy, analysis and case studies  |c by Peter Meier, Mohan Munasinghe 
264 1 |a Cheltenham  |b Edward Elgar  |c 2005 
300 |a 283 s. 
610 2 0 |a energia 
610 2 0 |a krajiny rozvojové 
610 2 0 |a Srí Lanka 
610 2 0 |a energetika 
610 2 0 |a zdroje energie 
610 2 0 |a hospodárstvo energetické 
100 1 |a Meier, Peter 
700 1 |a Munasinghe, Mohan